Popol-vuh : las antiguas historias del quiche /

Guardado en:
Formato: Libro
Publicado: Mexico / Buenos Aires : Fondo De Cultura Economica, 1953
Edición:2a. ed.
Etiquetas: Agregar Etiqueta
Sin Etiquetas, Sea el primero en etiquetar este registro!
LEADER 00443nam a22001455a 4500
001 EHU.bham024092
003 AR-BHAM
005 20130507120037.0
008 130507s1953##################000#0#####d
082 8 9 |a 897.4 
245 0 0 |a Popol-vuh :  |b las antiguas historias del quiche / 
250 |a 2a. ed. 
260 |a Mexico / Buenos Aires :  |b Fondo De Cultura Economica,  |c 1953 
300 |a 287 p. 
859 |a AR-BHAM  |b BIB. HUMANIDADES - General  |h 897.4  |i P815  |p 805.93  |t Ej.1